[Event "27th CRO-Cup"]
[Site "Mali Losinj"]
[Date "2018.05.17"]
[Round "3.71"]
[White "Bogut, Zeljko"]
[Black "Mufic, Goran"]
[Result "1/2-1/2"]
[WhiteElo "2416"]
[BlackElo "2288"]
[PlyCount "157"]
[EventDate "2018.05.16"]

1. c4 e6 2. d4 d5 3. cxd5 exd5 4. Nc3 c6 5. Bf4 Bf5 6. e3 Nf6 7. h3 Nbd7 8. g4
Bg6 9. Nge2 Qb6 10. Qc1 Be4 11. Nxe4 Nxe4 12. f3 Qa5+ 13. Nc3 Nxc3 14. bxc3 Qa3
15. Qxa3 Bxa3 16. Rb1 b5 17. e4 Nb6 18. Bc7 dxe4 19. fxe4 Kd7 20. Bf4 Rhe8 21.
Bg2 Bd6 22. Bxd6 Kxd6 23. e5+ Kd7 24. O-O Re7 25. g5 Rc8 26. h4 Ke8 27. Be4 c5
28. Rxb5 cxd4 29. cxd4 Rc4 30. Rf4 Rd7 31. e6 fxe6 32. Bxh7 Rdxd4 33. Bg6+ Ke7
34. Rf7+ Kd6 35. Rxa7 Nd5 36. Rb2 Rg4+ 37. Kf1 Ne3+ 38. Ke2 Rg2+ 39. Kxe3 Rxb2
40. h5 Rh2 41. Ra6+ Kd5 42. Ra5+ Rc5 43. Rxc5+ Kxc5 44. a4 Rh4 45. Kf3 Kd6 46.
Be8 Ke7 47. Kg3 Rh1 48. Bg6 Ra1 49. Be4 Rxa4 50. h6 gxh6 51. gxh6 Kf6 52. h7
Kg7 53. Kf4 Ra5 54. Bg6 Rc5 55. Kg4 Rc8 56. Kg5 Rf8 57. Be4 Rf2 58. Bd3 e5 59.
Be4 Rf1 60. Bd3 Rf3 61. Be4 Rf4 62. Bg6 Rb4 63. Bc2 Rb2 64. Be4 Rf2 65. Bd3 Kh8
66. Be4 Rf7 67. Bd3 Rf4 68. Bc2 Rc4 69. Bd3 Rd4 70. Bc2 Kg7 71. Kf5 Rc4 72. Bb3
Rc3 73. Bd5 Kxh7 74. Kxe5 Kg6 75. Kd4 Rc1 76. Be4+ Kg5 77. Kd3 Kf4 78. Kd2 Rc8
79. Bc2 1/2-1/2

[Event "27th CRO-Cup"]
[Site "Mali Losinj"]
[Date "2018.05.17"]
[Round "3.72"]
[White "Safar, Sandro"]
[Black "Separovic, Tomislav"]
[Result "1-0"]
[WhiteElo "2235"]
[BlackElo "2182"]
[PlyCount "145"]
[EventDate "2018.05.16"]

1. d4 Nf6 2. Bf4 e6 3. Nf3 c5 4. e3 Be7 5. c3 O-O 6. Nbd2 cxd4 7. exd4 b6 8.
Bd3 Ba6 9. Nc4 d5 10. Nce5 Bxd3 11. Nxd3 Bd6 12. Bxd6 Qxd6 13. Nfe5 Nfd7 14.
Nxd7 Nxd7 15. Qe2 Rfe8 16. f4 Nf6 17. O-O Ne4 18. Rf3 Rac8 19. Re1 Rc7 20. Nf2
f5 21. Kh1 Ree7 22. Rg1 g6 23. Nd3 Rg7 24. Ne5 h5 25. h4 Kh7 26. g3 Rg8 27. Re3
Rb8 28. Qb5 Qd8 29. a4 Qe8 30. Ra1 Qc8 31. Kg2 a6 32. Qb4 Qf8 33. Qb3 Qd6 34.
Nf3 Kg7 35. Ng5 Kf6 36. Rd1 Rd8 37. Re2 Qc6 38. Kf3 Rdc8 39. Ke3 Ke7 40. Nxe4
dxe4 41. Red2 Rd7 42. Rc2 b5 43. axb5 axb5 44. Qb4+ Kf7 45. Ra1 Re8 46. Rd2 Rc8
47. Ra5 Rb7 48. Qb3 Re8 49. Rd1 Reb8 50. Qa2 Rd7 51. Ra7 Rbb7 52. Rxb7 Qxb7 53.
Ra1 Qc6 54. Qb3 Rb7 55. Ra5 Kf6 56. Qb4 Qe8 57. Ra6 Qe7 58. d5 Qxb4 59. Rxe6+
Kf7 60. cxb4 Rd7 61. Kd4 Re7 62. Ra6 e3 63. Ra1 e2 64. Re1 Re4+ 65. Kd3 Ke7 66.
Rxe2 Rxe2 67. Kxe2 Kd6 68. Ke3 Kxd5 69. Kd3 Kc6 70. Kd4 Kd6 71. b3 Kc6 72. Ke5
Kd7 73. Kd5 1-0

[Event "27th CRO-Cup"]
[Site "Mali Losinj"]
[Date "2018.05.17"]
[Round "3.73"]
[White "Ivankovic, Ivo"]
[Black "Tomulic, Teo"]
[Result "0-1"]
[WhiteElo "2102"]
[BlackElo "2273"]
[PlyCount "150"]
[EventDate "2018.05.16"]

1. c4 e5 2. Nc3 d6 3. g3 f5 4. Bg2 Nf6 5. d4 Be7 6. dxe5 dxe5 7. Qxd8+ Bxd8 8.
Nf3 Nc6 9. O-O e4 10. Ne1 Be6 11. b3 Be7 12. Nc2 O-O-O 13. f3 exf3 14. exf3 Rd3
15. Ne2 Bf7 16. Kh1 Rhd8 17. Ne1 Rd1 18. Nc3 R1d7 19. Bf4 Nh5 20. Be3 Bb4 21.
Rc1 Re8 22. Bg1 Nd4 23. Bf2 Nf6 24. Bg1 a6 25. f4 Ne2 26. Nxe2 Rxe2 27. Nc2 Bc3
28. Bf3 Red2 29. Be3 R2d3 30. Rcd1 Ne4 31. Rxd3 Rxd3 32. Be2 Rd7 33. Kg1 c5 34.
Rd1 Re7 35. Bf3 b6 36. Rd3 Bf6 37. a4 Kc7 38. Kg2 Be8 39. Bg1 Bc6 40. Ne3 Rd7
41. Rxd7+ Kxd7 42. Nxf5 Nd2 43. Bxc6+ Kxc6 44. g4 Nxb3 45. g5 Bb2 46. Ne7+ Kd6
47. Nd5 b5 48. axb5 axb5 49. Ne3 b4 50. Kf3 Nd4+ 51. Ke4 b3 52. Nd1 Ba1 53. Kd3
Ke6 54. Be3 Kf5 55. Nc3 Bxc3 56. Kxc3 Ke4 57. Bd2 g6 58. h4 b2 59. Kxb2 Kd3 60.
Bc3 Nf5 61. Kb3 Nxh4 62. Be5 Nf3 63. Bg7 Nd4+ 64. Kb2 Kxc4 65. Bf8 Kd5 66. Be7
Ne6 67. Kc3 Nxf4 68. Kd2 Ne6 69. Kd3 Ke5 70. Kc4 Kf5 71. Kd5 Nxg5 72. Bxc5 Nf3
73. Bd6 h5 74. Kc4 Ke4 75. Kc3 h4 0-1

[Event "27th CRO-Cup"]
[Site "Mali Losinj"]
[Date "2018.05.17"]
[Round "3.81"]
[White "Skuhala, Jernej"]
[Black "Bodiroga, Predrag"]
[Result "0-1"]
[WhiteElo "2302"]
[BlackElo "2332"]
[PlyCount "90"]
[EventDate "2018.05.16"]

1. e4 d5 2. exd5 Qxd5 3. Nc3 Qd6 4. d4 Nf6 5. Nf3 c6 6. Ne5 Nbd7 7. f4 Nb6 8.
g4 Nbd5 9. g5 Nxc3 10. bxc3 Nd5 11. c4 Nc7 12. Bg2 g6 13. Be3 f6 14. Nd3 Qe6
15. Qe2 Qxc4 16. Nc5 Qxe2+ 17. Kxe2 Bg4+ 18. Kf2 O-O-O 19. gxf6 exf6 20. Rab1
Bxc5 21. dxc5 Rhe8 22. Rhe1 Nb5 23. Rb3 Bf5 24. c3 Be6 25. Rb4 Nxc3 26. Bd4 Nd5
27. Bxd5 Rxd5 28. Bxf6 Rxc5 29. Rbe4 Kd7 30. a4 Rc4 31. Rd1+ Kc8 32. Rxc4 Bxc4
33. a5 b6 34. axb6 axb6 35. Rd6 Bd5 36. Bd4 b5 37. Be5 Re7 38. h4 b4 39. Ke3 b3
40. Kd2 Ra7 41. Rf6 Ra2+ 42. Kd3 Kd7 43. Rf8 Rh2 44. Bf6 b2 45. Rb8 Bb3 0-1

[Event "27th CRO-Cup"]
[Site "Mali Losinj"]
[Date "2018.05.17"]
[Round "3.82"]
[White "Santa, Robert"]
[Black "Novak, Ivan"]
[Result "1/2-1/2"]
[WhiteElo "2174"]
[BlackElo "2202"]
[PlyCount "71"]
[EventDate "2018.05.16"]

1. e4 e5 2. Nf3 Nc6 3. Bb5 a6 4. Ba4 Nf6 5. O-O Be7 6. Re1 b5 7. Bb3 O-O 8. c3
d6 9. h3 Nb8 10. d4 Nbd7 11. Nbd2 Bb7 12. Bc2 Re8 13. Nf1 Bf8 14. Ng3 g6 15.
Bg5 h6 16. Bd2 Kh7 17. a4 Bg7 18. Bd3 c6 19. axb5 axb5 20. Qb3 Re7 21. Ra3 Nb6
22. Be3 exd4 23. cxd4 Rxa3 24. Qxa3 Nc4 25. Bxc4 bxc4 26. e5 Ne8 27. exd6 Qxd6
28. Qxd6 Nxd6 29. Rc1 Ba6 30. Ra1 Bb5 31. Ra8 Ne8 32. Ne2 Nc7 33. Ra7 Nd5 34.
Rxe7 Nxe7 35. Bf4 Nd5 36. Bd6 1/2-1/2

[Event "27th CRO-Cup"]
[Site "Mali Losinj"]
[Date "2018.05.17"]
[Round "3.83"]
[White "Havas, Janko"]
[Black "Komljenovic, Tihomir"]
[Result "1-0"]
[WhiteElo "2224"]
[BlackElo "2041"]
[PlyCount "35"]
[EventDate "2018.05.16"]

1. d4 c5 2. d5 b5 3. e4 a6 4. Nf3 d6 5. a4 b4 6. Bc4 Nd7 7. O-O Ngf6 8. Qe2 Nb6
9. Nbd2 Nxc4 10. Nxc4 a5 11. Rd1 Bb7 12. e5 dxe5 13. Ncxe5 Ba6 14. Qe1 Nxd5 15.
Nxf7 Kxf7 16. Ng5+ Ke8 17. Qe6 Bc4 18. Qc6+ 1-0

[Event "27th CRO-Cup"]
[Site "Mali Losinj"]
[Date "2018.05.17"]
[Round "3.91"]
[White "Martic, Zlatko"]
[Black "Pavic, Filip"]
[Result "1/2-1/2"]
[WhiteElo "2261"]
[BlackElo "2233"]
[PlyCount "22"]
[EventDate "2018.05.16"]

1. d4 Nf6 2. Nf3 e6 3. e3 b6 4. Bd3 Bb7 5. O-O c5 6. b3 Be7 7. Bb2 O-O 8. Nbd2
cxd4 9. exd4 d6 10. c4 Nbd7 11. Rc1 Re8 1/2-1/2

[Event "27th CRO-Cup"]
[Site "Mali Losinj"]
[Date "2018.05.17"]
[Round "3.92"]
[White "Radenic, Filip"]
[Black "Rubil, Marko"]
[Result "0-1"]
[WhiteElo "2177"]
[BlackElo "2227"]
[PlyCount "114"]
[EventDate "2018.05.16"]

1. c4 f5 2. Nc3 Nf6 3. g3 g6 4. Bg2 Bg7 5. e3 O-O 6. Nge2 d6 7. O-O e5 8. d3 c6
9. Rb1 Be6 10. b4 d5 11. cxd5 cxd5 12. f4 e4 13. Nd4 Bf7 14. b5 Nbd7 15. Ba3
Re8 16. Qd2 Nb6 17. Rfe1 Rc8 18. Rbd1 Nfd7 19. Nde2 Qf6 20. Nd4 Rc7 21. g4 Nc5
22. Bxc5 Rxc5 23. gxf5 gxf5 24. Bh3 Bg6 25. Nce2 Nc8 26. Qb4 Bf8 27. Ng3 Qh4
28. Bg2 Qg4 29. Qb3 Kh8 30. dxe4 fxe4 31. Rf1 Bf7 32. f5 Bd6 33. Nde2 h5 34.
Nf4 h4 35. Nh1 Rg8 36. Qb2+ Kh7 37. Nf2 Qg5 38. N2h3 Qh6 39. Kh1 Nb6 40. Rg1
Nc4 41. Qb3 Qf6 42. Rgf1 Qe5 43. Ng1 Rg5 44. Bh3 Be8 45. a4 Nb6 46. Nge2 Bh5
47. Rf2 Bf3+ 48. Rxf3 exf3 49. Nd4 Qe4 50. Nde6 f2+ 51. Bg2 Rxg2 52. Nxg2 Qxf5
53. Qb1 Qxb1 54. Rxb1 Rc2 55. Nd4 Rb2 56. Rf1 h3 57. Nh4 Nc4 0-1

[Event "27th CRO-Cup"]
[Site "Mali Losinj"]
[Date "2018.05.17"]
[Round "3.93"]
[White "Matanovic, Luka"]
[Black "Nemec, Vjekoslav"]
[Result "1-0"]
[WhiteElo "2189"]
[BlackElo "2202"]
[PlyCount "111"]
[EventDate "2018.05.16"]

1. e4 g6 2. d4 Bg7 3. Nf3 d6 4. h3 Nf6 5. Bd3 O-O 6. O-O Nc6 7. Re1 e5 8. c3 h6
9. Na3 Nh5 10. Nc2 Qf6 11. Bf1 Nf4 12. Kh2 g5 13. d5 Ne7 14. g3 Nh5 15. Bg2 Qg6
16. Ne3 Nf6 17. Nd2 g4 18. h4 Nh5 19. Qa4 Qf6 20. Kg1 Nf4 21. gxf4 exf4 22. Nf5
Bxf5 23. exf5 f3 24. Bf1 g3 25. Ne4 gxf2+ 26. Nxf2 Nxf5 27. Qf4 Qg6+ 28. Qg4
Nxh4 29. Bd3 Qxg4+ 30. Nxg4 h5 31. Nh6+ Bxh6 32. Bxh6 Rfe8 33. Kf2 Ng6 34. Bxg6
fxg6 35. Rxe8+ Rxe8 36. Re1 Rxe1 37. Kxe1 g5 38. Bxg5 Kf7 39. Kf2 Kg6 40. Bd8
c6 41. dxc6 bxc6 42. Kxf3 Kf5 43. Bh4 Ke5 44. Ke3 a6 45. Bg3+ Kd5 46. Kd3 Kc5
47. b4+ Kd5 48. c4+ Ke6 49. Ke4 Kd7 50. Kf5 Ke7 51. Bh4+ Kd7 52. Bf6 Kc8 53.
Ke6 Kc7 54. Be7 d5 55. cxd5 cxd5 56. Kxd5 1-0

[Event "27th CRO-Cup"]
[Site "Mali Losinj"]
[Date "2018.05.17"]
[Round "3.94"]
[White "Pavic, Jakov"]
[Black "Matanovic, Pavo"]
[Result "1-0"]
[WhiteElo "2164"]
[BlackElo "1839"]
[PlyCount "39"]
[EventDate "2018.05.16"]

1. d4 d5 2. c4 e6 3. Nc3 Nf6 4. Bg5 Be7 5. e3 O-O 6. Nf3 Nbd7 7. Rc1 c6 8. Bd3
dxc4 9. Bxc4 Nd5 10. Bxe7 Qxe7 11. O-O Nxc3 12. Rxc3 e5 13. d5 e4 14. Nd4 cxd5
15. Bxd5 Nb6 16. Bb3 Rd8 17. Qc2 Nd7 18. Rc7 Qe5 19. Rc1 b6 20. Nc6 1-0

[Event "27th CRO-Cup"]
[Site "Mali Losinj"]
[Date "2018.05.17"]
[Round "3.101"]
[White "Zelic, Zdravko"]
[Black "Rosic, Slavko S"]
[Result "1-0"]
[WhiteElo "2343"]
[BlackElo "2224"]
[PlyCount "55"]
[EventDate "2018.05.16"]

1. e4 c6 2. d4 d5 3. exd5 cxd5 4. c4 Nf6 5. Nc3 e6 6. Nf3 Be7 7. Bd3 O-O 8. O-O
Nbd7 9. cxd5 Nxd5 10. Re1 N5f6 11. Bg5 h6 12. Bh4 Re8 13. Qe2 Nb6 14. Rad1 Bd7
15. Ne5 Bc6 16. Bb1 Bb4 17. Qd3 Nbd5 18. f3 Be7 19. Ng4 Nxc3 20. bxc3 Kf8 21.
Bxf6 Bxf6 22. Qh7 Bd5 23. Ne3 Ke7 24. c4 Bc6 25. d5 exd5 26. Nxd5+ Kd6 27.
Nxf6+ Kc7 28. Nxe8+ 1-0

[Event "27th CRO-Cup"]
[Site "Mali Losinj"]
[Date "2018.05.17"]
[Round "3.102"]
[White "Ljikar, Zoran"]
[Black "Zelic, Branko"]
[Result "1-0"]
[WhiteElo "2193"]
[BlackElo "2242"]
[PlyCount "58"]
[EventDate "2018.05.16"]

1. e4 c6 2. d4 d5 3. Nc3 dxe4 4. Nxe4 Nf6 5. Nxf6+ gxf6 6. c3 Bf5 7. Nf3 e6 8.
g3 Bd6 9. Bg2 Nd7 10. O-O Be4 11. Re1 f5 12. Ng5 Qc7 13. Bxe4 fxe4 14. Nxe4
O-O-O 15. Qf3 f5 16. Ng5 Rde8 17. Nxe6 Qa5 18. Bf4 Bxf4 19. Qxf4 Nf8 20. Ng7
Ng6 21. Qxf5+ Qxf5 22. Nxf5 Ref8 23. Ne7+ Kd7 24. Nxg6 hxg6 25. Re5 Rf6 26.
Rae1 Rh7 27. Kg2 Kd6 28. f4 Kd7 29. h4 a6 1-0

[Event "27th CRO-Cup"]
[Site "Mali Losinj"]
[Date "2018.05.17"]
[Round "3.103"]
[White "Kurecic, Mladen"]
[Black "Lesic, Krunoslav"]
[Result "1/2-1/2"]
[WhiteElo "2042"]
[BlackElo "2068"]
[PlyCount "112"]
[EventDate "2018.05.16"]

1. d4 Nf6 2. Nf3 e6 3. Bg5 Be7 4. e3 b6 5. Bd3 Bb7 6. Nbd2 d5 7. Ne5 O-O 8. f4
c5 9. c3 Nbd7 10. Ndf3 h6 11. Bh4 Ne4 12. Bxe7 Qxe7 13. O-O Rfd8 14. Qa4 Nf8
15. Ba6 Rac8 16. Rac1 Bxa6 17. Qxa6 c4 18. Qa4 Qb7 19. Qc2 b5 20. Nd2 Nd6 21.
g4 f6 22. Nef3 f5 23. g5 h5 24. Ne5 g6 25. Rf3 a5 26. Rh3 Rc7 27. Qd1 Nf7 28.
Ndf3 Nh8 29. Nh4 b4 30. Qa4 Ra8 31. Rf3 Kg7 32. Rf2 Nd7 33. Nhf3 Nf7 34. Rfc2
Nb6 35. Qb5 Nd6 36. Qc5 Rxc5 37. dxc5 Nf7 38. Nxf7 Qxf7 39. cxb6 Qb7 40. Nd4
Kf7 41. b3 Rc8 42. cxb4 axb4 43. bxc4 dxc4 44. Rxc4 Rxc4 45. Rxc4 Qxb6 46. Kf2
Qa5 47. Rc2 h4 48. Nf3 Kg7 49. Rd2 Kf7 50. Re2 h3 51. Kg3 Qd5 52. Ne5+ Kg7 53.
Kxh3 Qd1 54. Rb2 Qc1 55. Rb3 Qf1+ 56. Kg3 Qg1+ 1/2-1/2

[Event "27th CRO-Cup"]
[Site "Mali Losinj"]
[Date "2018.05.17"]
[Round "3.104"]
[White "Egerc, Josip"]
[Black "Tretinjak, Dario"]
[Result "1/2-1/2"]
[WhiteElo "2066"]
[BlackElo "1886"]
[PlyCount "57"]
[EventDate "2018.05.16"]

1. Nf3 Nf6 2. b3 e6 3. Bb2 Be7 4. g3 b6 5. Bg2 Bb7 6. O-O O-O 7. d3 d5 8. Ne5
Nbd7 9. Nd2 Nxe5 10. Bxe5 Nd7 11. Bb2 Bf6 12. c3 c5 13. Qc2 Rc8 14. c4 Bxb2 15.
Qxb2 Nf6 16. b4 cxb4 17. Qxb4 Qc7 18. Rfc1 Qe5 19. e3 Qf5 20. d4 Ng4 21. Rf1
Rc7 22. a4 Ba6 23. h3 Nf6 24. a5 Bxc4 25. axb6 axb6 26. Qxb6 Bxf1 27. Qxc7 Bxg2
28. Kxg2 Ne4 29. Nf3 1/2-1/2

[Event "27th CRO-Cup"]
[Site "Mali Losinj"]
[Date "2018.05.17"]
[Round "3.111"]
[White "Grgurevic, Boris"]
[Black "Novak, Ratko"]
[Result "1/2-1/2"]
[WhiteElo "2159"]
[BlackElo "2158"]
[PlyCount "90"]
[EventDate "2018.05.16"]

1. e4 d5 2. exd5 Qxd5 3. Nc3 Qa5 4. d4 c6 5. Nf3 Bg4 6. Be2 Nf6 7. O-O e6 8. h3
Bxf3 9. Bxf3 Bd6 10. Be3 O-O 11. Qd2 Bb4 12. Qd3 Nbd7 13. Bd2 Qc7 14. Rfe1 Rad8
15. a3 Bd6 16. Ne4 Nxe4 17. Qxe4 Nf6 18. Qe2 c5 19. dxc5 Bxc5 20. Rad1 b6 21.
Bc3 Be7 22. Be5 Qc8 23. c3 Nd7 24. Bd6 Bxd6 25. Rxd6 Nc5 26. Red1 Rxd6 27. Rxd6
Rd8 28. Qd1 Rxd6 29. Qxd6 g6 30. Bc6 Nb7 31. Bxb7 Qxb7 32. Qd8+ Kg7 33. Qd4+ f6
34. Qd6 e5 35. c4 Kf7 36. b4 Qe7 37. Qc6 e4 38. Kf1 f5 39. g3 Qe6 40. Qc7+ Qe7
41. Qb8 Ke6 42. Ke2 Qd7 43. Qg8+ Kf6 44. Qh8+ Ke6 45. Qc3 Qd6 1/2-1/2

[Event "27th CRO-Cup"]
[Site "Mali Losinj"]
[Date "2018.05.17"]
[Round "3.112"]
[White "Spiranec, Noemi"]
[Black "Tesla, Miro"]
[Result "1-0"]
[WhiteElo "1946"]
[BlackElo "2137"]
[PlyCount "161"]
[EventDate "2018.05.16"]

1. d4 Nf6 2. c4 g6 3. Nc3 Bg7 4. e4 d6 5. Bd3 Nc6 6. Nge2 O-O 7. O-O Ne8 8. Be3
e5 9. d5 Nb4 10. Bb1 Na6 11. a3 f5 12. exf5 gxf5 13. f4 Nf6 14. h3 e4 15. Nd4
Qe8 16. b4 Qg6 17. Qb3 Nh5 18. Nce2 Kh8 19. Ra2 Rg8 20. Rf2 Bf6 21. Nb5 b6 22.
Bd4 Bd7 23. Rc2 c5 24. dxc6 Bxc6 25. Bxf6+ Qxf6 26. Ned4 Bb7 27. Rce2 Rg6 28.
Qc3 Rg3 29. Re3 Rag8 30. Nxf5 Rxe3 31. Qxf6+ Nxf6 32. Nxe3 Rg3 33. Nf5 Rb3 34.
Ba2 Rd3 35. Nfxd6 e3 36. Re2 Be4 37. Kh2 Rd2 38. Rxd2 exd2 39. Bb3 Bd3 40. Nf7+
Kg7 41. Ne5 Be2 42. Nc3 Bh5 43. g4 Be8 44. Nf3 Nc7 45. Nxd2 Ne6 46. Ne2 a5 47.
Kg3 axb4 48. axb4 Bf7 49. h4 Nc7 50. Nd4 Kf8 51. f5 Ke7 52. Kf4 Nd7 53. g5 Na6
54. f6+ Kd8 55. Nc6+ Kc7 56. b5 Nac5 57. Bc2 Ne6+ 58. Kg4 h5+ 59. Kg3 Nef8 60.
Bf5 Ng6 61. Bxg6 Bxg6 62. Ne7 Bd3 63. Kf4 Kd6 64. Nd5 Ke6 65. Ke3 Bc2 66. Nf4+
Kf5 67. Nxh5 Kg4 68. Ng7 Kxh4 69. Kf4 Bd1 70. f7 Nf8 71. Kf5 Bc2+ 72. Kf6 Nh7+
73. Ke7 Kxg5 74. Ne6+ Kf5 75. f8=Q+ Nxf8 76. Nxf8 Ke5 77. Nd7+ Kd4 78. Nxb6 Ke3
79. Nd5+ Kxd2 80. b6 Ba4 81. b7 1-0

[Event "27th CRO-Cup"]
[Site "Mali Losinj"]
[Date "2018.05.17"]
[Round "3.113"]
[White "Dobrovic, Ante"]
[Black "Kelemen, Miljenko"]
[Result "1-0"]
[WhiteElo "2087"]
[BlackElo "1961"]
[PlyCount "87"]
[EventDate "2018.05.16"]

1. e4 c5 2. Nf3 Nc6 3. d4 cxd4 4. Nxd4 g6 5. Nc3 Bg7 6. Be3 d6 7. Bc4 Nf6 8. f3
O-O 9. Qd2 Bd7 10. O-O-O Qb8 11. Kb1 Ne5 12. Bb3 b5 13. Bh6 Nc4 14. Qg5 Rc8 15.
Bxg7 Kxg7 16. g4 Rc5 17. Qc1 a5 18. h4 h5 19. gxh5 Rxh5 20. Rdg1 a4 21. Bxc4
bxc4 22. a3 Qb6 23. Nde2 Rah8 24. Qe1 Qe3 25. Rg3 Qh6 26. Nd4 e5 27. Ndb5 Ne8
28. Qd1 Rxh4 29. Rhg1 Rh2 30. Nxd6 Rd2 31. Nxe8+ Rxe8 32. Qf1 Be6 33. Nxa4 Rb8
34. Nc5 Bc8 35. Qxc4 Qe3 36. Nd3 Be6 37. Qc3 Rc8 38. Qxe5+ Kf8 39. Nb4 Qe2 40.
Rc1 Rd1 41. Rg1 Rxg1 42. Rxg1 Rd8 43. Qh8+ Ke7 44. Nc6+ 1-0

[Event "27th CRO-Cup"]
[Site "Mali Losinj"]
[Date "2018.05.17"]
[Round "3.114"]
[White "Hanjs, Vladimir"]
[Black "Klisanin, Dragan-Mirko"]
[Result "0-1"]
[WhiteElo "1796"]
[BlackElo "1922"]
[PlyCount "52"]
[EventDate "2018.05.16"]

1. e4 c5 2. Nf3 Nc6 3. d4 cxd4 4. Nxd4 e5 5. Nb5 a6 6. Nd6+ Bxd6 7. Qxd6 Qf6 8.
Qd1 Nge7 9. Nc3 d6 10. Bc4 O-O 11. Be3 Be6 12. Bxe6 Qxe6 13. Qd2 f5 14. O-O-O
Rad8 15. f3 b5 16. Nd5 Rd7 17. Kb1 Nc8 18. Qc3 Nb8 19. Rd3 fxe4 20. fxe4 Qg4
21. Qb3 Kh8 22. Rg1 Qxe4 23. a3 Rdf7 24. Rdd1 Nc6 25. Qc3 Nd4 26. Nb4 Ne2 0-1

[Event "27th CRO-Cup"]
[Site "Mali Losinj"]
[Date "2018.05.17"]
[Round "3.121"]
[White "Muskardin, Mario"]
[Black "Matko, Ognjen"]
[Result "1-0"]
[WhiteElo "2266"]
[BlackElo "2305"]
[PlyCount "69"]
[EventDate "2018.05.16"]

1. Nf3 Nf6 2. c4 g6 3. g3 Bg7 4. Bg2 c6 5. O-O O-O 6. Nc3 d5 7. cxd5 cxd5 8. d4
Nc6 9. e3 Bf5 10. Ne5 Rc8 11. Qb3 Na5 12. Qb4 e6 13. f3 Ne8 14. e4 dxe4 15.
fxe4 Bxe5 16. dxe5 Rc4 17. Qa3 Qb6+ 18. Kh1 Bg4 19. h3 Rxc3 20. Qxc3 Be2 21.
Re1 Qa6 22. Bd2 Nc6 23. a4 Ng7 24. b4 Qd3 25. b5 Nxe5 26. Ra2 Nc4 27. Rxe2 Qxe2
28. Bh6 Qd1+ 29. Kh2 e5 30. Qxc4 Rd8 31. Qc7 Ne6 32. Qxe5 Qe1 33. Ra1 Qe2 34.
Rf1 b6 35. Qf6 1-0

[Event "27th CRO-Cup"]
[Site "Mali Losinj"]
[Date "2018.05.17"]
[Round "3.122"]
[White "Muzina, Marin"]
[Black "Tirkajla, Boris"]
[Result "0-1"]
[WhiteElo "1944"]
[BlackElo "2078"]
[PlyCount "76"]
[EventDate "2018.05.16"]

1. d4 f5 2. Bf4 Nf6 3. e3 g6 4. h3 Bg7 5. Bd3 d6 6. c3 Nc6 7. Nf3 O-O 8. Qb3+
e6 9. g4 Na5 10. Qc2 c5 11. Nbd2 cxd4 12. exd4 Nd5 13. Bg5 Qc7 14. gxf5 gxf5
15. Nb3 Nc4 16. Bxc4 Qxc4 17. Qd2 f4 18. Rg1 Kh8 19. O-O-O a5 20. Qd3 Qxd3 21.
Rxd3 b5 22. Nbd2 Ba6 23. b3 b4 24. c4 Nc3 25. Kb2 e5 26. dxe5 dxe5 27. Rd7 Ne2
28. Rxg7 Nxg1 29. Re7 Nxh3 30. Bh6 Rfe8 31. Rd7 Rad8 32. Ra7 e4 33. Rxa6 exf3
34. Nxf3 Re2+ 35. Kc1 Nxf2 36. Nd4 Nd3+ 37. Kb1 Rb2+ 38. Ka1 Rg8 0-1

[Event "27th CRO-Cup"]
[Site "Mali Losinj"]
[Date "2018.05.17"]
[Round "3.123"]
[White "Okrugic, Tomislav"]
[Black "Horina, Miroslav"]
[Result "0-1"]
[WhiteElo "1923"]
[BlackElo "1851"]
[PlyCount "58"]
[EventDate "2018.05.16"]

1. e4 e5 2. Nf3 Nc6 3. Bb5 d6 4. d4 exd4 5. Nxd4 Bd7 6. Bxc6 bxc6 7. Nc3 Nf6 8.
O-O Be7 9. f4 c5 10. Nf3 O-O 11. e5 Ne8 12. Qd3 Bc6 13. Rd1 g6 14. b3 Ng7 15.
Bb2 Ne6 16. Ne2 Re8 17. f5 Ng5 18. e6 Nxf3+ 19. gxf3 Bf6 20. exf7+ Kxf7 21.
fxg6+ hxg6 22. Nc3 Bd4+ 23. Kh1 Re3 24. Qc4+ d5 25. Qa6 Qf6 26. Rf1 Bxc3 27.
Bxc3 Rxc3 28. Qa5 Rc8 29. f4 Rxc2 0-1

[Event "27th CRO-Cup"]
[Site "Mali Losinj"]
[Date "2018.05.17"]
[Round "3.124"]
[White "Jambrusic, Zvonimir"]
[Black "Grego, Ludvig"]
[Result "1/2-1/2"]
[WhiteElo "1893"]
[BlackElo "1892"]
[PlyCount "54"]
[EventDate "2018.05.16"]

1. d4 Nf6 2. Nf3 g6 3. b3 Bg7 4. Bb2 O-O 5. e3 d5 6. Nbd2 b6 7. Bd3 Bb7 8. O-O
Nbd7 9. c4 e6 10. Rc1 c5 11. Qe2 Re8 12. Ne5 cxd4 13. Bxd4 Rc8 14. Rfd1 Qe7 15.
Ndf3 Red8 16. Qb2 Nxe5 17. Nxe5 Ne8 18. Be2 f6 19. Nf3 dxc4 20. Bxc4 Nd6 21.
Qa3 Rd7 22. Be2 Nf5 23. Rxc8+ Bxc8 24. Qxe7 Nxe7 25. Rc1 Bb7 26. Bb5 Bc6 27.
Be2 Bb7 1/2-1/2

[Event "27th CRO-Cup"]
[Site "Mali Losinj"]
[Date "2018.05.17"]
[Round "3.131"]
[White "Mrdja, Milan"]
[Black "Livaic, Leon"]
[Result "1/2-1/2"]
[WhiteElo "2296"]
[BlackElo "2497"]
[PlyCount "35"]
[EventDate "2018.05.16"]

1. e4 c5 2. Nf3 d6 3. Bb5+ Nd7 4. c4 e5 5. d3 Be7 6. O-O Ngf6 7. Nh4 O-O 8. Nf5
Nb6 9. Nxe7+ Qxe7 10. Nc3 a6 11. Ba4 Nxa4 12. Qxa4 Be6 13. Qd1 Nd7 14. f4 exf4
15. Bxf4 f6 16. b3 Bf7 17. Qd2 Ne5 18. Rae1 1/2-1/2

[Event "27th CRO-Cup"]
[Site "Mali Losinj"]
[Date "2018.05.17"]
[Round "3.132"]
[White "Blazeka, Matej"]
[Black "Cupic, Lovro"]
[Result "1-0"]
[WhiteElo "2312"]
[BlackElo "2231"]
[PlyCount "73"]
[EventDate "2018.05.16"]

1. e4 c6 2. d4 d5 3. Nc3 dxe4 4. Nxe4 Nf6 5. Nxf6+ gxf6 6. c3 Bf5 7. Nf3 e6 8.
g3 Qd5 9. Bg2 Qe4+ 10. Be3 Qc2 11. Nh4 Be4 12. Qxc2 Bxc2 13. O-O Nd7 14. Rac1
Bg6 15. c4 O-O-O 16. Rfd1 Bh5 17. Rd2 Bb4 18. Rdc2 c5 19. d5 Ne5 20. a3 Ba5 21.
Bxc5 Nd3 22. Be7 Nxc1 23. Bxd8 Ne2+ 24. Rxe2 Bxe2 25. Bxa5 Bxc4 26. Bc3 Bxd5
27. Bxf6 Rf8 28. Bxd5 exd5 29. Kf1 Kd7 30. Bd4 a6 31. Nf3 f6 32. Ke2 Ke6 33.
Kd3 Kf5 34. h3 h5 35. Nh4+ Ke6 36. Ng6 Rc8 37. Nf4+ 1-0

[Event "27th CRO-Cup"]
[Site "Mali Losinj"]
[Date "2018.05.17"]
[Round "3.133"]
[White "Glazar, Domagoj"]
[Black "Brumen, Dinko"]
[Result "1-0"]
[WhiteElo "2133"]
[BlackElo "2319"]
[PlyCount "119"]
[EventDate "2018.05.16"]

1. d4 d5 2. c4 e6 3. Nc3 Nf6 4. cxd5 exd5 5. Bg5 Be7 6. e3 c6 7. Qc2 Nbd7 8.
Bd3 Nf8 9. Nge2 Ne6 10. Bh4 g6 11. f3 O-O 12. O-O Re8 13. Bf2 Bf8 14. h3 c5 15.
Bb5 Bd7 16. Bxd7 Qxd7 17. Rad1 Qc6 18. Bh4 Bg7 19. dxc5 Qxc5 20. Bf2 Qc4 21.
Qd3 Rad8 22. Qxc4 dxc4 23. e4 a6 24. Bb6 Rd3 25. Nc1 Rxd1 26. Rxd1 Nf8 27. a4
N6d7 28. Bd4 Ne5 29. f4 Nc6 30. Bxg7 Kxg7 31. N1e2 Ne6 32. Kf2 Nc5 33. Kf3 Nb4
34. Nc1 Rc8 35. g4 Ncd3 36. Nxd3 Nxd3 37. Rd2 Rc6 38. Nd5 b5 39. axb5 axb5 40.
Ke3 Ra6 41. Nc7 Ra5 42. h4 b4 43. Kd4 Rc5 44. Nd5 Rc8 45. Rc2 Ne1 46. Re2 Nd3
47. Rc2 Ne1 48. Rc1 Nf3+ 49. Ke3 Nxh4 50. Nxb4 g5 51. f5 Ng2+ 52. Kd4 Rd8+ 53.
Nd5 Rb8 54. Rxc4 Rxb2 55. Ke5 h5 56. gxh5 g4 57. Rc6 g3 58. Rc3 Kh6 59. Rxg3
Kxh5 60. Rxg2 1-0

[Event "27th CRO-Cup"]
[Site "Mali Losinj"]
[Date "2018.05.17"]
[Round "3.134"]
[White "Tomic, Stjepan"]
[Black "Kovacevic, Krsto"]
[Result "0-1"]
[WhiteElo "1790"]
[BlackElo "2085"]
[PlyCount "124"]
[EventDate "2018.05.16"]

1. e4 c5 2. Nc3 a6 3. a4 b6 4. Bc4 e6 5. Nge2 Bb7 6. d3 d5 7. Bb3 Nf6 8. exd5
exd5 9. Ng3 Be7 10. Nf5 O-O 11. O-O Re8 12. Nxe7+ Rxe7 13. Bg5 Nbd7 14. Re1
Rxe1+ 15. Qxe1 Qc7 16. f3 h6 17. Bh4 Re8 18. Qf2 Bc6 19. Re1 Qc8 20. Rxe8+ Qxe8
21. Qe1 Qxe1+ 22. Bxe1 Kf8 23. Bg3 Ke7 24. Kf2 b5 25. axb5 axb5 26. h3 Nb6 27.
Bc7 Nfd7 28. Ba2 b4 29. Ne2 Na4 30. Nf4 Nxb2 31. Nxd5+ Bxd5 32. Bxd5 Nd1+ 33.
Kg1 Nc3 34. Bb3 Nb5 35. Bg3 Nd4 36. Kf1 Nxb3 37. cxb3 Ke6 38. Ke2 Kd5 39. Kd2
Nf8 40. Bf2 Ne6 41. h4 g6 42. Kc2 f6 43. Be3 h5 44. Kb2 Nd4 45. Bf2 Nf5 46. Kc2
Ng7 47. Be3 Ne8 48. Kd2 Nc7 49. Bf2 Nb5 50. Kc2 Na7 51. Kd2 Nc6 52. Kc2 Ne5 53.
Kd2 Nd7 54. Ke3 Nf8 55. g4 Ne6 56. gxh5 gxh5 57. Ke2 Ke5 58. Be3 f5 59. Ke1 Kd5
60. Ke2 Nd4+ 61. Bxd4 Kxd4 62. Kd2 f4 0-1